000 00288nam a22001337a 4500
008 170419b xxu||||| |||| 00| 0 eng d
020 _a9780521540773
041 _aeng
080 _24th
_a573
100 _a11
101 _ashm
245 _aBIOTECHNOLOGY
_cSMITH, J.E
942 _2udc
_cBK
999 _c11185
_d11185